000 00543nam a2200193Ia 4500
005 20260114185722.0
008 008 260114s9999 xx 000 0 eng d
020 _a9781350387492
037 _aEBOOK
040 _aCRL
_beng
_cCRL
041 _aeng
_2eng
084 _qCRL
100 _aLeonard W Cowie
_9873550
245 4 _aThe French Revolution
260 _bBloomsbury
_c1987
856 _uhttps://doi.org/10.1007/978-1-349-09257-4?locatt=label:secondary_bloomsburyCollections
942 _cEBOOK
999 _c1472498
_d1472498